<?xml version="1.0" encoding="UTF-8"?>
<record
    xmlns:xsi="http://www.w3.org/2001/XMLSchema-instance"
    xsi:schemaLocation="http://www.loc.gov/MARC21/slim http://www.loc.gov/standards/marcxml/schema/MARC21slim.xsd"
    xmlns="http://www.loc.gov/MARC21/slim">

  <leader>01079nam2a22002291  4500</leader>
  <controlfield tag="001">rc\601620</controlfield>
  <controlfield tag="005">20250621231353.0</controlfield>
  <datafield tag="035" ind1=" " ind2=" ">
    <subfield code="a">(NLR Aleph) 005971223</subfield>
  </datafield>
  <datafield tag="090" ind1=" " ind2=" ">
    <subfield code="a">6937450</subfield>
    <subfield code="c">6937450</subfield>
  </datafield>
  <datafield tag="100" ind1=" " ind2=" ">
    <subfield code="a">20031121d1986    |||y0rusy50      ca</subfield>
  </datafield>
  <datafield tag="101" ind1="0" ind2=" ">
    <subfield code="a">rus</subfield>
  </datafield>
  <datafield tag="102" ind1=" " ind2=" ">
    <subfield code="a">RU</subfield>
  </datafield>
  <datafield tag="105" ind1=" " ind2=" ">
    <subfield code="a">a   |||||||||</subfield>
  </datafield>
  <datafield tag="200" ind1="1" ind2=" ">
    <subfield code="a">&#x88;[&#x89;&#x41E;&#x43F;&#x43B;&#x43E;&#x442;</subfield>
    <subfield code="e">&#x420;&#x43E;&#x43C;&#x430;&#x43D;</subfield>
    <subfield code="f">&#x41F;&#x435;&#x440;. &#x415;. &#x41A;&#x430;&#x43B;&#x430;&#x448;&#x43D;&#x438;&#x43A;&#x43E;&#x432;&#x43E;&#x439;]</subfield>
  </datafield>
  <datafield tag="210" ind1=" " ind2=" ">
    <subfield code="d">1986</subfield>
    <subfield code="a">&#x411;. &#x43C;.</subfield>
  </datafield>
  <datafield tag="215" ind1=" " ind2=" ">
    <subfield code="a">318, [1] &#x441;., [4] &#x43B;. &#x446;&#x432;. &#x438;&#x43B;.</subfield>
  </datafield>
  <datafield tag="461" ind1=" " ind2="0">
    <subfield code="1">001rc\601610</subfield>
    <subfield code="1">2001#$a&#x421;&#x43E;&#x431;&#x440;&#x430;&#x43D;&#x438;&#x435; &#x441;&#x43E;&#x447;&#x438;&#x43D;&#x435;&#x43D;&#x438;&#x439;$e&#x412; 12 &#x442;.$e[&#x41F;&#x435;&#x440;&#x435;&#x432;&#x43E;&#x434;]$f&#x422;&#x435;&#x43E;&#x434;&#x43E;&#x440; &#x414;&#x440;&#x430;&#x439;&#x437;&#x435;&#x440;$g[&#x41F;&#x43E;&#x434; &#x43E;&#x431;&#x449;. &#x440;&#x435;&#x434;. &#x438; &#x441;&#x43E; &#x432;&#x441;&#x442;&#x443;&#x43F;. &#x441;&#x442;., &#x441;. 3-44, &#x421;. &#x418;&#x432;&#x430;&#x43D;&#x44C;&#x43A;&#x43E;$g&#x418;&#x43B;. &#x41F;. &#x41F;&#x438;&#x43D;&#x43A;&#x438;&#x441;&#x435;&#x432;&#x438;&#x447;&#x430;]$v&#x422;. 10</subfield>
    <subfield code="1">700#1$3RU\NLR\AUTH\773596$8rus$7ca$a&#x414;&#x440;&#x430;&#x439;&#x437;&#x435;&#x440;$b&#x422;.$f1871-1945$g&#x422;&#x435;&#x43E;&#x434;&#x43E;&#x440;</subfield>
    <subfield code="9">9520565</subfield>
    <subfield code="a">&#x414;&#x440;&#x430;&#x439;&#x437;&#x435;&#x440;, &#x422;. (1871-1945)</subfield>
    <subfield code="c">&#x41C;.</subfield>
    <subfield code="d">1986-</subfield>
    <subfield code="f">&#x422;&#x435;&#x43E;&#x434;&#x43E;&#x440; &#x414;&#x440;&#x430;&#x439;&#x437;&#x435;&#x440;</subfield>
    <subfield code="n">&#x41F;&#x440;&#x430;&#x432;&#x434;&#x430;</subfield>
    <subfield code="o">&#x412; 12 &#x442;. : [&#x41F;&#x435;&#x440;&#x435;&#x432;&#x43E;&#x434;]</subfield>
    <subfield code="t">&#x421;&#x43E;&#x431;&#x440;&#x430;&#x43D;&#x438;&#x435; &#x441;&#x43E;&#x447;&#x438;&#x43D;&#x435;&#x43D;&#x438;&#x439;</subfield>
    <subfield code="v">&#x422;. 10</subfield>
  </datafield>
  <datafield tag="801" ind1=" " ind2="0">
    <subfield code="a">RU</subfield>
    <subfield code="b">NLR</subfield>
    <subfield code="g">psbo</subfield>
  </datafield>
  <datafield tag="801" ind1=" " ind2="1">
    <subfield code="a">RU</subfield>
    <subfield code="b">ELAR</subfield>
    <subfield code="2">rusmarc</subfield>
  </datafield>
  <datafield tag="852" ind1=" " ind2=" ">
    <subfield code="a">NLR</subfield>
    <subfield code="j">86-3/605</subfield>
  </datafield>
  <datafield tag="942" ind1=" " ind2=" ">
    <subfield code="c">BOOK</subfield>
  </datafield>
  <datafield tag="980" ind1=" " ind2=" ">
    <subfield code="a">NB</subfield>
  </datafield>
  <datafield tag="995" ind1=" " ind2=" ">
    <subfield code="5">2013-10-26</subfield>
    <subfield code="b">NLR01</subfield>
    <subfield code="c">NLR01</subfield>
    <subfield code="e">RF9</subfield>
    <subfield code="f">5971223-10</subfield>
    <subfield code="k">86-3/605</subfield>
    <subfield code="o">0</subfield>
    <subfield code="r">BOOK</subfield>
    <subfield code="s">863605_</subfield>
  </datafield>
  <datafield tag="995" ind1=" " ind2=" ">
    <subfield code="5">2014-04-10</subfield>
    <subfield code="b">NLR01</subfield>
    <subfield code="c">NLR01</subfield>
    <subfield code="e">OZ2</subfield>
    <subfield code="f">1-461563</subfield>
    <subfield code="k">&#x41B;1 &#x428;6(7&#x421;&#x428;&#x410;)/&#x414;-722</subfield>
    <subfield code="o">0</subfield>
    <subfield code="p">1.90</subfield>
    <subfield code="r">BOOK</subfield>
    <subfield code="s">1_67722</subfield>
  </datafield>
</record>
